Discrete dynamical systems, bifurcations and chaos in economics / (Record no. 29101)

000 -LEADER
fixed length control field 00658 a2200181 4500
020 ## - INTERNATIONAL STANDARD BOOK NUMBER
International Standard Book Number 0444521976
020 ## - INTERNATIONAL STANDARD BOOK NUMBER
International Standard Book Number 9780444521972
082 04 - DEWEY DECIMAL CLASSIFICATION NUMBER
Classification number 515.352
090 ## - LOCALLY ASSIGNED LC-TYPE CALL NUMBER (OCLC); LOCAL CALL NUMBER (RLIN)
-- 470
-- 470
100 1# - MAIN ENTRY--PERSONAL NAME
Personal name Zhang, Wei-Bin.
245 10 - TITLE STATEMENT
Title Discrete dynamical systems, bifurcations and chaos in economics /
Statement of responsibility, etc. Wei-Bin Zhang.
260 ## - PUBLICATION, DISTRIBUTION, ETC.
Place of publication, distribution, etc. [S.l.] :
Name of publisher, distributor, etc. Elsevier Science,
Date of publication, distribution, etc. 2006.
300 ## - PHYSICAL DESCRIPTION
Extent 460 p. ;
Dimensions 24 cm.
490 1# - SERIES STATEMENT
Series statement Mathematics in science and engineering.
830 #0 - SERIES ADDED ENTRY--UNIFORM TITLE
Uniform title Mathematics in science and engineering.
942 ## - ADDED ENTRY ELEMENTS (KOHA)
Institution code [OBSOLETE] SNS
Koha item type Book
Call number prefix 515.352 ZHA
Holdings
Withdrawn status Lost status Damaged status Not for loan Permanent Location Current Location Date acquired Total Checkouts Full call number Barcode Date last seen Price effective from Koha item type
        School of Natural Sciences (SNS) School of Natural Sciences (SNS) 05/26/2016   515.352 ZHA SNS0000403 05/26/2016 05/26/2016 Book
© 2023 Central Library, National University of Sciences and Technology. All Rights Reserved.